Statistics for Country flags with orange

Click here to take the quiz!

General Stats

  • This quiz has been taken 23 times
  • The average score is 10 of 12

Answer Stats

Answer% Correct
India
100%
Cyprus
94%
Ireland
94%
Bhutan
88%
Ivory coast
88%
Sri Lanka
88%
Niger
81%
Zambia
75%
Armenia
69%
Nicaragua
69%
El Salvador
63%
Marshall islands
56%

Score Distribution

Percentile by Number Answered

Percent of People with Each Score

Your Score History

You have not taken this quiz